Management ekonomiky správy majetku

Salvato in:
Dettagli Bibliografici
Autore principale: Kuda, František
Altri autori: Beran, Václav, Dlask, Petr, Wernerová, Eva
Natura: Libro
Lingua:ceco
Pubblicazione: [Průhonice] Professional Publishing 2018
Edizione:1. vydání
Soggetti:
Tags: Aggiungi Tag
Nessun Tag, puoi essere il primo ad aggiungerne!!

MARC

LEADER 00000nam a2200000 4500
001 0283624
005 20240416113825.3
020 |a 978-80-88260-03-5 
041 0 |a cze 
044 |a CZ 
245 1 0 |a Management ekonomiky správy majetku  |c František Kuda, Václav Beran, Petr Dlask, Eva Wernerová 
250 |a 1. vydání 
264 1 |a [Průhonice]  |b Professional Publishing  |c 2018 
300 |a 280 s. 
610 2 0 |a facility management 
610 2 0 |a majetok 
610 2 0 |a stavby 
610 2 0 |a stavebníctvo 
610 2 0 |a údržba 
610 2 0 |a normy 
610 2 0 |a dokumentácia 
610 2 0 |a legislatíva 
610 2 0 |a business intelligence 
100 1 |a Kuda, František 
700 1 |a Beran, Václav 
700 1 |a Dlask, Petr 
700 1 |a Wernerová, Eva